000 00641nam a22002297a 4500
999 _c35103
_d35103
001 4513
003 CO-MdFUSB
005 20180622073143.0
008 180322t19731991xxu||||| |||| 00| 0 spa d
020 _a0-8254-1104-1
040 _aCO-MdFUSB
_bspa
_cCO-MdFUSB
_dCO-MdFUSBC
_erda
041 0 _aspa
082 0 4 _aG 227.6 C263g
100 1 _aCarballosa, Evis L.
_eautor
245 0 _aFilipenses
_c/ Evis L. Carballosa
264 4 _aGrand Rapids, MI., USA :
_b Portavoz,
_c©1973,1991
300 _a128 Pag
336 _2rdacontent
_atexto
_btxt
337 _2rdamedia
_asin mediación
_bn
338 _2rdacarrier
_avolumen
_bnc
942 _cBK